000 00329nam a2200145Ia 4500
008 230718s9999 xx 000 0 und d
041 _aEng.
082 _a342.2878
_bSIN-H
100 _aSingh, Devinder
245 0 _aHuman Rights Law
260 _aPakistan
_bLexis Nexis
_c2010
300 _a312
650 _aLaw
999 _c31380
_d31380